LEADER 01354aam a2200265 a 4500 001 000000007877 003 CaOOAMICUS 005 20130725094146.0 008 941110s1909 gw u000 u ger r 035 $a10205455 040 $aPUL(R)$bita 100 1 $aEichmann, Eduard,$d1870-1946.$0(OLS)http://pul/name/7855 245 10$aAcht und Bann im Reichsrecht des Mittelalters /$cvon Eduard Eichmann .. 260 $aPaderbon :$bF. Schöningh,$c1909. 300 $axv, [1], 157 p. ;$c24 cm 490 1 $aGörres-Gesellschaft zur Pflege der Wissenschaft im katholischen Deutschland.$aSektion für Rechts und Sozialwissenschaft ;$v6. Hft 504 $a"Verzeichnis der Quellen und der Literatur" : p. [ix]-xv. 650 4$aDiritto medievale.$0(OLS)http://pul/subject/60 830 0$aGörres-Gesellschaft zur Pflege der Wissenschaft im katholischen Deutschland.$pSektion für Rechts und Sozialwissenschaft ;$v6. Hft.$0(OLS)http://pul/title/11478 850 $aPUL 852 $aPUL$W1$xDP2 Diritto e Scienze Sociali 1$y65$m181 C 13$j11165$nBK-PRI$qStampati$B11165$CPULBib$Z2$F11165 $H193 $82 941 1 $a8 961 $aEx libris: Francisci Card. Roberti. 996 $6245$aAcht und Bann im Reichsrecht des Mittelalters$9(OLS)http://pul/title/11477 996 $6260$aPaderbon :$bF. Schöningh$9(OLS)http://pul/publisher/51894 LEADER 01268nam a2200265 u 4500 001 000000107397 003 CaOOAMICUS 005 20071005131123.0 008 071005m19351936gw u000 u ger u 040 $aPUL$bita$dLDB 100 1 $aTillmann, Fritz,$d1874-1953.$0(OLS)http://pul/name/24251 245 14$aDie katholische Sittenlehre /$cvon Tillmann. 260 $aDüsseldorf :$bSchwann,$c1935-1936. 300 $a2 v. ;$c24 cm 490 1 $aHandbuch der katholischen Sittenlehre ;$v04 504 $aBibliografia in nota. 505 0 $av. 1. Die Verwiklichung der Nachfolge Christi ; Die Pfichten gegen Gott. -- v. 2. Die Verwiklichung der Nachfolge Christi ; Die Pfichten gegen sich selbst und gegen den Nächsten. 650 14$aEtica cattolica.$0(OLS)http://pul/subject/1157 830 0$aHandbuch der katholischen Sittenlehre ;$v04.$0(OLS)http://pul/title/135234 850 $aPUL 852 $aPUL$W1$xSL Religione 1$y3$m37 E 8$j122052$av. 1$qStampati$B121040$CPULBib$Z2$F121040 $82 852 $aPUL$W1$xSL Religione 1$y3$m37 E 9$j122053$av. 2$qStampati$B121041$CPULBib$Z2$F121041 $82 941 1 $a8 996 $6245$aDie katholische Sittenlehre$9(OLS)http://pul/title/135240 996 $6260$aDüsseldorf :$bSchwann$9(OLS)http://pul/publisher/50745